TOWARDS corporate environmental excellence : The role of business in sustainable development

Bibliographic Details
Corporate Authors: Global 500 Forum, Golden Hope Plantations
Other Authors: Abraham, Edwards, Teoh
Format: Book
Published: Kuala Lumpur : Global 500 Forum & Golden Hope Plantations , 1996
Subjects:

MARC

LEADER 00000cam a2200000 7i4500
001 0000000315
005 20000729.0
020 0 0 |a 9836616009 
090 0 0 |a 658.408   |b TOW 1996 
245 0 0 |a TOWARDS corporate environmental excellence :   |b The role of business in sustainable development   |c edited by Teoh Cheng Hai & Martin Abraham 
260 0 0 |a Kuala Lumpur :   |b Global 500 Forum & Golden Hope Plantations ,   |c 1996 
300 |a 146 p. :   |b col. ill., map ;   |c 26 cm. 
650 0 0 |a Industrial management   |x Environmental aspects   |z Malaysia 
650 0 0 |a Industries   |x Environmental aspects   |z Malaysia   |x Management 
650 0 0 |a Sustainable development   |z Malaysia 
700 0 1 |a Abraham   |h Martin 
700 0 1 |a Edwards   |h Mark   |t Reflections of the future 
700 0 1 |a Teoh   |h Cheng Hai 
710 1 1 |a Global 500 Forum 
710 1 1 |a Golden Hope Plantations 
999 |a 0000001066   |b Monograph   |c Open Shelf   |e Default branch